| 000 | 01642cam a2200301 4500 | ||
|---|---|---|---|
| 001 | J2670 | ||
| 008 | 090401t1994 xxu||||| |||| 00| 0 eng d | ||
| 035 | _a(Sirsi) u50395 | ||
| 041 | _aeng | ||
| 050 | _a333.332 | ||
| 110 |
_aHenry Stewart Conference Studies _92099 |
||
| 245 | _aWhat is my/that pub worth?/ where is the market headed now? ... 20 May 1994, Cafe Royal, London W1. (The 1994 Henry Stewart Market Briefing) | ||
| 260 |
_aLondon _bHenry Stewart Conference Studies _c1994 |
||
| 300 | _a(102) leaves ; 30cm. | ||
| 350 | _a50 | ||
| 520 | _aPapers: - Valuation of licensed premises in a changing market./ GARROD, I. - Capital values in accordance with the RICS Valuation Guidance Notes (SUMMARY)./ GILLHAM, B. - Valuation of capital allowances in second-hand pubs./ LLEWELLYN, T. - Implications of the rating revaluation for capital values (SUMMARY)./ GERMANEY, D. - Valuing the multi-pub owning business (SUMMARY)./ MILLER, A. - Utilising the opportunities of the new enterprise investment scheme/other tax incentives./ SEYMOUR, M. - How to fund an independent pub management business./ WALTERS, E. - Pub market 1993/94./ WRIGHTSON, I. - Investment market for licensed premises./ GARROD, I. SUMMARY PAPERS PRINTED IN FULL IN COMPANION VOLUME OF ADDITIONAL PAPERS q.v. | ||
| 650 | _aCAPITAL ALLOWANCES | ||
| 650 | _aCONFERENCES | ||
| 650 | _aHENRY STEWART MARKET BRIEFING | ||
| 650 | _aLICENSED PREMISES | ||
| 650 | _aPROPERTY INVESTMENT | ||
| 650 | _aPROPERTY MARKET | ||
| 650 | _aPUBLIC HOUSES | ||
| 650 | _aWHAT IS MY/THAT PUB WORTH? | ||
| 690 | _aRATING AND VALUATION | ||
| 942 | _n0 | ||
| 948 | _c04/03/1997 | ||
| 999 |
_c92703 _d92703 |
||